• 首页
  • 本馆介绍
  • 公告通知
  • 最新文献
  • 馆藏检索
  • 电子资源
  • 读者导购
  • 参考咨询
  • 我的图书馆
  • 登录
  • 详细信息显示
  • 放入我的书架
  • 预约/预借图书
  • 作者相关作品
  • 分类相关作品
  • 丛书相关作品
  • 出版社相关作品

书目信息

  • 表格格式
  • 工作单格式
  • 卡片格式
题名:
我的写作生涯
    
 
作者: 张恨水 著
分册:  
出版信息: 成都   四川人民出版社  1981
页数: 138页
开本: 17cm
丛书名: 写作生涯丛书
单 册:
中图分类: I03
科图分类:
主题词: 文艺工作者
电子资源:
ISBN:
000 00647nam2 2200253 45
001 0181006071
005 20060802145502.29
010    @dCNY0.38
091    @a10118.442
100    @a19950414d1981 em y0chiy0121 ea
101 0  @achi
102    @aCN@b510000
105    @ay z 000yd
200 10 @a我的写作生涯@Awo de xie zuo sheng ya@f张恨水著
210    @a成都@c四川人民出版社@d1981
215    @a138页@d17cm
225 2  @a写作生涯丛书
410  0 @120010@a写作生涯丛书
606 0  @a文艺工作者
690    @aI03
701  0 @a张恨水@Azhang hen shui@4著
801  2 @aCN@bNLC@c20060802
801  0 @aCN@b上海图书馆@c20040428
905    @dI03@e20
    
    我的写作生涯/张恨水著.-成都:四川人民出版社,1981
    138页;17cm.-(写作生涯丛书)
    
    
    ISBN :CNY0.38
    
●
相关链接 在E读中查询图书 在五车中查询图书 在当当中查询图书 在豆瓣中查询图书


正题名:我的写作生涯     索取号:I03/20         预约/预借

序号 登录号 条形码 馆藏地/架位号 状态 备注
1 0058648   000903954   密集书库/ [索取号:I03/20] 在馆    
2 0058649   000903963   密集书库/ [索取号:I03/20] 在馆    
3 0058650   000903892   密集书库/ [索取号:I03/20] 在馆    
4 0058651   000903945   第二借阅区/ [索取号:I03/20] 在馆    
5 0058652   202464421   第一样本阅览室/ [索取号:I03/20] 在馆    
6 0443559   204435593   密集书库/ [索取号:I03/20] 在馆    
唐山师范学院图书馆 欢迎您!
大连网信软件有限公司© 版权所有